000 00473nmm a2200169Ia 4500
008 251105s9999||||xx |||||||||||||||||und||
041 _aspa
100 _aGarrido, Vicente
245 0 _aLos muertos viajan deprisa
264 _a[Madrid, España] :
_bEdiciones B,
_c2016
300 _a448 páginas
650 _aThriller & Suspense
700 _aGarrido, Vicente
700 1 _a Abarca, Nieves
856 _uhttps://public.digitaliapublishing.com/a/53677
942 _cCF
999 _c66000
_d66000